| 000 | 00676nam a22002057a 4500 | ||
|---|---|---|---|
| 005 | 20251108175503.0 | ||
| 008 | 250721s1999 xx 000 0 ara d | ||
| 082 | 1 | 4 | _aم/216.5/داو |
| 100 | 1 | _aداود، احمد محمد علي | |
| 245 | 1 | 0 | _aالقرارات الاستئنافية في الأحوال الشخصية / |
| 264 | 1 |
_aعمان : _bمكتبة و دار الثقافة، _c1999. |
|
| 300 | _a2ج. | ||
| 650 | 1 | 7 | _aقانون الاحوال الشخصية |
| 650 | 1 | 7 | _aاجراءات الاستئناف |
| 650 | 1 | 7 | _aالاردن |
| 650 | 1 | 7 | _aالشريعة الإسلامية |
| 650 | 1 | 7 | _aالإسلام |
| 942 |
_2ddc _cREF |
||
| 999 |
_c135296 _d135296 |
||